| 000 | 01712nam a2200385 i 4500 | ||
|---|---|---|---|
| 001 | 768714001 | ||
| 003 | CO-MdFUSB | ||
| 005 | 20240227170152.0 | ||
| 007 | ta | ||
| 008 | 940421s1994 enk b 000 0 eng | ||
| 020 |
_a083081235 _q0 |
||
| 040 | _cCO-MdFUSB | ||
| 041 | _aeng | ||
| 082 | 0 | 0 |
_a223.907 _223 _bG555 |
| 100 | 1 |
_aGledhill, Tom, _d1942- _eautor |
|
| 245 | 1 | 4 |
_aThe message of the Song of songs _b: the lyrics of love _c/ Tom Gledhill ; editado por J. A. Motyer |
| 264 | 1 |
_aLeicester, Inglaterra : _bInter-Varsity Press, _c[1994] |
|
| 264 | 4 | _c©1994 | |
| 300 |
_a254 páginas ; _c21 cm. |
||
| 336 |
_2rdacontent _atexto _btxt |
||
| 337 |
_2rdamedia _asin mediación _bn |
||
| 338 |
_2rdacarrier _avolumen _bnc |
||
| 490 | _aThe Bible Speak Today | ||
| 500 | _a"Con guía de estudio para mayor reflexión" | ||
| 504 | _aIncluye referencias bibliográficas (página 17) | ||
| 505 |
_tParte uno: La canción como un todo: _aUna visión general del texto del cantar de los cantares -- Una traducción literal del cantar -- Una paráfrasis libre del cantar |
||
| 505 |
_tParte dos: Una exposición del cantar: _aTítulo y atribución (1:1) -- El primer ciclo: anhelos apasionados (1:2-2:7) -- El segundo ciclo: la primavera y las lluvias (2:8-3:5) -- El tercer ciclo: la boda de los amantes (3:6-5:1) -- El cuarto ciclo: perdido y encontrado (5:2-6:3) -- El quinto ciclo: el deseo de la belleza (6:4-8:4) -- El sexto ciclo: la seguridad del amor (8:5-14) |
||
| 563 | _aTapa rústica | ||
| 630 | 0 | 7 |
_aBiblia. _pCantares |
| 630 | 0 | 7 |
_aBiblia. _pCantares _xCrítica, interpretación, etc |
| 700 |
_aMotyer, J. A. _eeditor |
||
| 942 | _cBK | ||
| 945 | _aJTF-925 | ||
| 999 |
_c64448 _d64448 |
||